<?xml version="1.0" encoding="UTF-8"?>
<record
    xmlns:xsi="http://www.w3.org/2001/XMLSchema-instance"
    xsi:schemaLocation="http://www.loc.gov/MARC21/slim http://www.loc.gov/standards/marcxml/schema/MARC21slim.xsd"
    xmlns="http://www.loc.gov/MARC21/slim">

  <leader>01385nam2a2200289   4500</leader>
  <controlfield tag="001">rc\2987339</controlfield>
  <controlfield tag="005">20260315062921.0</controlfield>
  <datafield tag="035" ind1=" " ind2=" ">
    <subfield code="a">(NLR Aleph) 007131708</subfield>
  </datafield>
  <datafield tag="090" ind1=" " ind2=" ">
    <subfield code="a">13612694</subfield>
    <subfield code="c">13612694</subfield>
  </datafield>
  <datafield tag="100" ind1=" " ind2=" ">
    <subfield code="a">20110913d1939    u  y0rusy50      ca</subfield>
  </datafield>
  <datafield tag="101" ind1="0" ind2=" ">
    <subfield code="a">rus</subfield>
  </datafield>
  <datafield tag="102" ind1=" " ind2=" ">
    <subfield code="a">RU</subfield>
  </datafield>
  <datafield tag="105" ind1=" " ind2=" ">
    <subfield code="a">ba  z   |||||</subfield>
  </datafield>
  <datafield tag="200" ind1="0" ind2=" ">
    <subfield code="a">9</subfield>
    <subfield code="f">[&#x421;&#x43E;&#x441;&#x442;. &#x410;.&#x413;. &#x411;&#x43E;&#x440;&#x438;&#x441;&#x43E;&#x432;&#x430;, &#x412;.&#x41B;. &#x41A;&#x43E;&#x43C;&#x430;&#x440;&#x43E;&#x432;, &#x410;.&#x41D;. &#x41A;&#x440;&#x438;&#x448;&#x442;&#x43E;&#x444;&#x43E;&#x432;&#x438;&#x447; &#x438; &#x434;&#x440;.]</subfield>
    <subfield code="g">[&#x420;&#x435;&#x434;. &#x421;.&#x412;. &#x42E;&#x437;&#x435;&#x43F;&#x447;&#x443;&#x43A;]</subfield>
  </datafield>
  <datafield tag="210" ind1=" " ind2=" ">
    <subfield code="d">1939</subfield>
  </datafield>
  <datafield tag="215" ind1=" " ind2=" ">
    <subfield code="a">XX, 542 &#x441;., 2 &#x432;&#x43A;&#x43B;. &#x43B;. &#x43A;&#x430;&#x440;&#x442;.</subfield>
    <subfield code="c">&#x438;&#x43B;., &#x43A;&#x430;&#x440;&#x442;.</subfield>
  </datafield>
  <datafield tag="320" ind1=" " ind2=" ">
    <subfield code="a">&#x410;&#x43B;&#x444;. &#x443;&#x43A;&#x430;&#x437;&#x430;&#x442;&#x435;&#x43B;&#x438; &#x440;&#x443;&#x441;. &#x438; &#x43B;&#x430;&#x442;&#x438;&#x43D;. &#x43D;&#x430;&#x437;&#x432;&#x430;&#x43D;&#x438;&#x439; &#x43F;&#x43E;&#x440;&#x44F;&#x434;&#x43A;&#x43E;&#x432;, &#x441;&#x435;&#x43C;&#x435;&#x439;&#x441;&#x442;&#x432; &#x440;&#x43E;&#x434;&#x43E;&#x432; &#x438; &#x432;&#x438;&#x434;&#x43E;&#x432; &#x440;&#x430;&#x441;&#x442;&#x435;&#x43D;&#x438;&#x439;. IX &#x442;: &#x424;&#x43B;&#x43E;&#x440;&#x44B; &#x421;&#x421;&#x421;&#x420;, &#x441;. 511-39</subfield>
  </datafield>
  <datafield tag="461" ind1=" " ind2="0">
    <subfield code="1">001rc\2987330</subfield>
    <subfield code="1">2000#$a&#x424;&#x43B;&#x43E;&#x440;&#x430; &#x421;&#x421;&#x421;&#x420;$e1-$f&#x413;&#x43B;. &#x440;&#x435;&#x434;. &#x430;&#x43A;&#x430;&#x434;. &#x412;.&#x41B;. &#x41A;&#x43E;&#x43C;&#x430;&#x440;&#x43E;&#x432;$g&#x411;&#x43E;&#x442;&#x430;&#x43D;. &#x438;&#x43D;-&#x442; &#x410;&#x43A;&#x430;&#x434;. &#x43D;&#x430;&#x443;&#x43A; &#x421;&#x421;&#x421;&#x420;$v9</subfield>
    <subfield code="9">6966123</subfield>
    <subfield code="c">&#x41B;&#x435;&#x43D;&#x438;&#x43D;&#x433;&#x440;&#x430;&#x434;</subfield>
    <subfield code="d">1934-1964</subfield>
    <subfield code="f">&#x413;&#x43B;. &#x440;&#x435;&#x434;. &#x430;&#x43A;&#x430;&#x434;. &#x412;.&#x41B;. &#x41A;&#x43E;&#x43C;&#x430;&#x440;&#x43E;&#x432;</subfield>
    <subfield code="n">&#x438;&#x437;&#x434;-&#x432;&#x43E; &#x438; &#x442;&#x438;&#x43F;. &#x438;&#x437;&#x434;-&#x432;&#x430; &#x410;&#x43A;&#x430;&#x434;. &#x43D;&#x430;&#x443;&#x43A; &#x421;&#x421;&#x421;&#x420;</subfield>
    <subfield code="o">1-</subfield>
    <subfield code="t">&#x424;&#x43B;&#x43E;&#x440;&#x430; &#x421;&#x421;&#x421;&#x420;</subfield>
    <subfield code="v">9</subfield>
  </datafield>
  <datafield tag="702" ind1=" " ind2="1">
    <subfield code="a">&#x411;&#x43E;&#x440;&#x438;&#x441;&#x43E;&#x432;&#x430;</subfield>
    <subfield code="b">&#x410;.&#x413;.</subfield>
    <subfield code="4">220</subfield>
  </datafield>
  <datafield tag="702" ind1=" " ind2="1">
    <subfield code="a">&#x41A;&#x43E;&#x43C;&#x430;&#x440;&#x43E;&#x432;</subfield>
    <subfield code="b">&#x412;.&#x41B;.</subfield>
    <subfield code="4">220</subfield>
  </datafield>
  <datafield tag="702" ind1=" " ind2="1">
    <subfield code="a">&#x41A;&#x440;&#x438;&#x448;&#x442;&#x43E;&#x444;&#x43E;&#x432;&#x438;&#x447;</subfield>
    <subfield code="b">&#x410;.&#x41D;.</subfield>
    <subfield code="4">220</subfield>
  </datafield>
  <datafield tag="702" ind1=" " ind2="1">
    <subfield code="a">&#x42E;&#x437;&#x435;&#x43F;&#x447;&#x443;&#x43A;</subfield>
    <subfield code="b">&#x421;.&#x412;.</subfield>
    <subfield code="4">340</subfield>
  </datafield>
  <datafield tag="801" ind1=" " ind2="0">
    <subfield code="a">RU</subfield>
    <subfield code="b">NLR</subfield>
    <subfield code="g">psbo</subfield>
  </datafield>
  <datafield tag="801" ind1=" " ind2="1">
    <subfield code="a">RU</subfield>
    <subfield code="b">ELAR</subfield>
    <subfield code="2">rusmarc</subfield>
  </datafield>
  <datafield tag="852" ind1=" " ind2=" ">
    <subfield code="a">NLR</subfield>
    <subfield code="j">34-19/118(9)</subfield>
  </datafield>
  <datafield tag="942" ind1=" " ind2=" ">
    <subfield code="c">UNSPEC</subfield>
  </datafield>
  <datafield tag="980" ind1=" " ind2=" ">
    <subfield code="a">NB</subfield>
  </datafield>
</record>
